KOHA-Header-6

Al Waleed Business man Billionaire prince (Record no. 12015)

000 -LEADER
fixed length control field 00303nam a22001337a 4500
020 ## - INTERNATIONAL STANDARD BOOK NUMBER
ISBN 0-00-721513-4
082 ## - DEWEY DECIMAL CLASSIFICATION NUMBER
Classification number 338.92
100 ## - MAIN ENTRY--AUTHOR NAME
Personal name Riz Khan
245 ## - TITLE STATEMENT
Title Al Waleed Business man Billionaire prince
260 ## - PUBLICATION, DISTRIBUTION, ETC. (IMPRINT)
Place of publication London
Name of publisher Harper Collins
Year of publication 2005
300 ## - PHYSICAL DESCRIPTION
Number of Pages 416
650 ## - SUBJECT ADDED ENTRY--TOPICAL TERM
Topical Term History
942 ## - ADDED ENTRY ELEMENTS (KOHA)
Koha item type Books
Holdings
Withdrawn status Lost status Permanent Location Current Location Date acquired Full call number Accession Number Koha item type
    MAJU MAJU 2019-10-02 338.92 Av536 Books

Powered by Koha